000
00257nam a22001097a 4500
999
_c
260866
_d
260865
020
_a
059048818-X
100
_a
Laura Ingalls Wilder
245
_a
Little House On the Prairie
260
_a
New York
_b
HarperCollins
_c
1935
300
_a
334pgs
942
_c
BK